Bhautik bhoogol (Record no. 309097)
[ view plain ]
| 000 -LEADER | |
|---|---|
| fixed length control field | 00478nam a22001937a 4500 |
| 005 - DATE & TIME | |
| control field | 20231202123154.0 |
| 008 - FIXED-LENGTH DATA ELEMENTS--GENERAL INFORMATION | |
| fixed length control field | 231202b |||||||| |||| 00| 0 eng d |
| 020 ## - ISBN | |
| International Standard Book Number | 8186539972 |
| Price | Rs. 295.00 |
| 040 ## - CATALOGING SOURCE | |
| Original cataloging agency | VIVEKANANDA LIBRARY |
| 082 ## - DDC NUMBER | |
| Classification number | 910.02 |
| Book Number | S94B(12) |
| 100 ## - MAIN ENTRY--PERSONAL NAME | |
| Personal name | Savindra Singh |
| 245 ## - TITLE STATEMENT | |
| Title | Bhautik bhoogol |
| 250 ## - EDITION STATEMENT | |
| Edition statement | 12th |
| 260 ## - PUBLICATION, DISTRIBUTION, ETC. (IMPRINT) | |
| Place of publication, distribution, etc | Prayagrag |
| Name of publisher, distributor, etc | Pravalika Publications |
| Date of publication, distribution, etc | 2023 |
| 300 ## - PHYSICAL DESCRIPTION | |
| Pages | viii, 536 |
| 650 ## - Subject | |
| Subject | Geography |
| 650 ## - Subject | |
| Subject | Physical Geography |
| 942 ## - ADDED ENTRY ELEMENTS (KOHA) | |
| Koha item type | Books |
| Withdrawn status | Lost status | Source of classification or shelving scheme | Damaged status | Not for loan | Location (home branch) | Sublocation or collection (holding branch) | Date acquired | Koha issues (times borrowed) | Koha full call number | Accession No. | Koha date last seen | Koha item type | Shelving location |
|---|---|---|---|---|---|---|---|---|---|---|---|---|---|
| Dewey Decimal Classification | VIVEKANANDA LIBRARY | VIVEKANANDA LIBRARY | 02/12/2023 | 12 | 910.02 S94B(12) | 407990 | 13/04/2026 | Books | |||||
| Dewey Decimal Classification | VIVEKANANDA LIBRARY | VIVEKANANDA LIBRARY | 02/12/2023 | 11 | 910.02 S94B(12) | 407991 | 24/09/2025 | Books | |||||
| Dewey Decimal Classification | VIVEKANANDA LIBRARY | VIVEKANANDA LIBRARY | 02/12/2023 | 14 | 910.02 S94B(12) | 407992 | 07/04/2026 | Books | |||||
| Dewey Decimal Classification | VIVEKANANDA LIBRARY | VIVEKANANDA LIBRARY | 02/12/2023 | 910.02 S94B(12) | 407993 | 02/12/2023 | Books | Geography Department | |||||
| Dewey Decimal Classification | VIVEKANANDA LIBRARY | VIVEKANANDA LIBRARY | 02/12/2023 | 910.02 S94B(12) | 407994 | 02/12/2023 | Books | Geography Department |
